| 000 | 00733cab a22002055a 4500 | ||
|---|---|---|---|
| 001 | L160000 | ||
| 008 | 150113e2016 xxk 000 0 eng d | ||
| 035 | _a(Sirsi) u160000 | ||
| 041 | 0 | _aeng | |
| 050 | _a344.410465 | ||
| 100 | 1 | _aTaylor, Anthony | |
| 245 | 0 | 0 |
_aKeeping it safe _h[electronic resource] |
| 260 |
_aLondon _bRICS _c2016 |
||
| 490 |
_aRICS Building Surveying Journal _vJuly 2016 - August 2016, 12(1) |
||
| 520 | _aProvides an update on the forthcoming RICS Surveying Safely professional statement. | ||
| 651 | 4 |
_aUnited Kingdom _y |
|
| 690 |
_aHealth and safety _96244 |
||
| 856 | 4 | 0 |
_uhttps://www.rics.org/Global/BSJ%20BCJ%20July%20August%202016.pdf _zView the article free of charge at www.rics.org... |
| 942 | _n0 | ||
| 999 |
_c85116 _d85116 |
||